[Event "DEM U10 2025"]
[Site "Willingen GER"]
[Date "2025.06.11"]
[Round "5"]
[White "Liu, Jonas"]
[Black "Vranckx, Gabriel"]
[Result "1-0"]
[Termination "normal"]
[Board "14"]
[WhiteElo "1645"]
[BlackElo "1627"]
[WhiteClock "00:48:25"]
[BlackClock "01:04:36"]
[PlyCount "67"]
[WhiteFideId "34660941"]
[BlackFideId "533031266"]
[EventCountry "GER"]
[EventRounds "9"]
[EventType "swiss"]
[EventDate "2025.06.07"]

1. e4 {[%clk 01:30:42]} {[%emt 00:00:18]} e5 {[%clk 01:30:41]} {[%emt
00:00:19]} 2. Nf3 {[%clk 01:30:49]} {[%emt 00:00:22]} Nc6 {[%clk 01:30:57]}
{[%emt 00:00:14]} 3. Bc4 {[%clk 01:30:19]} {[%emt 00:00:59]} Bc5 {[%clk
01:28:17]} {[%emt 00:03:12]} 4. c3 {[%clk 01:29:36]} {[%emt 00:01:11]} Nf6
{[%clk 01:28:26]} {[%emt 00:00:22]} 5. d3 {[%clk 01:28:57]} {[%emt 00:01:09]}
d6 {[%clk 01:27:40]} {[%emt 00:01:17]} 6. O-O {[%clk 01:28:28]} {[%emt
00:00:59]} a6 {[%clk 01:26:04]} {[%emt 00:02:07]} 7. a4 {[%clk 01:27:50]}
{[%emt 00:01:07]} O-O {[%clk 01:25:37]} {[%emt 00:00:56]} 8. Re1 {[%clk
01:27:17]} {[%emt 00:01:03]} Re8 {[%clk 01:23:23]} {[%emt 00:02:45]} 9. h3
{[%clk 01:25:48]} {[%emt 00:01:58]} h6 {[%clk 01:21:08]} {[%emt 00:02:45]} 10.
Nbd2 {[%clk 01:24:33]} {[%emt 00:01:44]} Bd7 {[%clk 01:19:02]} {[%emt
00:02:38]} 11. Nf1 {[%clk 01:22:24]} {[%emt 00:02:39]} Ne7 {[%clk 01:14:26]}
{[%emt 00:05:06]} 12. d4 {[%clk 01:16:05]} {[%emt 00:06:48]} exd4 {[%clk
01:14:07]} {[%emt 00:00:49]} 13. cxd4 {[%clk 01:16:16]} {[%emt 00:00:20]} Ba7
{[%clk 01:13:49]} {[%emt 00:00:48]} 14. e5 {[%clk 01:13:00]} {[%emt 00:03:46]}
dxe5 {[%clk 01:13:17]} {[%emt 00:01:01]} 15. Qb3 {[%clk 01:05:23]} {[%emt
00:08:08]} Rf8 {[%clk 01:10:56]} {[%emt 00:02:51]} 16. dxe5 {[%clk 01:00:27]}
{[%emt 00:05:26]} Nh7 {[%clk 01:08:48]} {[%emt 00:02:38]} 17. e6 {[%clk
00:58:15]} {[%emt 00:02:43]} fxe6 {[%clk 01:08:32]} {[%emt 00:00:44]} 18. Bxe6+
{[%clk 00:57:41]} {[%emt 00:01:06]} Bxe6 {[%clk 01:07:22]} {[%emt 00:01:40]}
19. Qxe6+ {[%clk 00:57:48]} {[%emt 00:00:21]} Rf7 {[%clk 01:07:46]} {[%emt
00:00:08]} 20. Ne5 {[%clk 00:54:45]} {[%emt 00:03:33]} Bxf2+ {[%clk 01:07:09]}
{[%emt 00:01:07]} 21. Kh1 {[%clk 00:55:03]} {[%emt 00:00:11]} Bxe1 {[%clk
01:06:58]} {[%emt 00:00:42]} 22. Qxf7+ {[%clk 00:55:20]} {[%emt 00:00:14]} Kh8
{[%clk 01:06:40]} {[%emt 00:00:48]} 23. Qxe7 {[%clk 00:55:11]} {[%emt
00:00:39]} Qxe7 {[%clk 01:06:01]} {[%emt 00:01:09]} 24. Ng6+ {[%clk 00:55:27]}
{[%emt 00:00:14]} Kg8 {[%clk 01:06:20]} {[%emt 00:00:12]} 25. Nxe7+ {[%clk
00:55:50]} {[%emt 00:00:07]} Kh8 {[%clk 01:06:42]} {[%emt 00:00:07]} 26. Bxh6
{[%clk 00:54:52]} {[%emt 00:01:28]} Bb4 {[%clk 01:05:49]} {[%emt 00:01:24]} 27.
Ng6+ {[%clk 00:54:49]} {[%emt 00:00:32]} Kg8 {[%clk 01:06:10]} {[%emt
00:00:10]} 28. Bf4 {[%clk 00:54:16]} {[%emt 00:01:03]} c6 {[%clk 01:06:10]}
{[%emt 00:00:30]} 29. Rd1 {[%clk 00:51:58]} {[%emt 00:02:46]} Re8 {[%clk
01:05:38]} {[%emt 00:00:59]} 30. Ng3 {[%clk 00:50:01]} {[%emt 00:02:31]} Re6
{[%clk 01:04:53]} {[%emt 00:01:14]} 31. Rd8+ {[%clk 00:49:06]} {[%emt
00:01:25]} Kf7 {[%clk 01:05:00]} {[%emt 00:00:24]} 32. Ne5+ {[%clk 00:49:22]}
{[%emt 00:00:13]} Kf6 {[%clk 01:05:09]} {[%emt 00:00:19]} 33. Nh5+ {[%clk
00:48:13]} {[%emt 00:01:41]} Ke7 {[%clk 01:04:36]} {[%emt 00:01:04]} 34. Rd7+
{[%clk 00:48:25]} {[%emt 00:00:17]} 1-0

[Event "DEM U10 2025"]
[Site "Willingen GER"]
[Date "2025.06.11"]
[Round "5"]
[White "Leja, Luis"]
[Black "Stojanoski, Stefan"]
[Result "0-1"]
[Termination "normal"]
[Board "15"]
[WhiteElo "1344"]
[BlackElo "1670"]
[WhiteClock "01:07:16"]
[BlackClock "01:06:09"]
[PlyCount "92"]
[WhiteFideId "34699813"]
[BlackFideId "34632948"]
[EventCountry "GER"]
[EventRounds "9"]
[EventType "swiss"]
[EventDate "2025.06.07"]

1. e4 {[%clk 01:30:59]} e5 {[%clk 01:30:54]} {[%emt 00:00:06]} 2. Nc3 {[%clk
01:31:24]} {[%emt 00:00:06]} Nf6 {[%clk 01:31:19]} {[%emt 00:00:05]} 3. f4
{[%clk 01:31:47]} {[%emt 00:00:06]} d5 {[%clk 01:30:43]} {[%emt 00:01:06]} 4.
fxe5 {[%clk 01:32:03]} {[%emt 00:00:14]} Nxe4 {[%clk 01:31:04]} {[%emt
00:00:09]} 5. Qf3 {[%clk 01:32:24]} {[%emt 00:00:09]} Nxc3 {[%clk 01:30:47]}
{[%emt 00:00:47]} 6. bxc3 {[%clk 01:32:43]} {[%emt 00:00:11]} Nc6 {[%clk
01:27:21]} {[%emt 00:03:57]} 7. d4 {[%clk 01:32:43]} {[%emt 00:00:30]} Be6
{[%clk 01:26:58]} {[%emt 00:00:53]} 8. Bd3 {[%clk 01:32:41]} {[%emt 00:00:31]}
Be7 {[%clk 01:26:23]} {[%emt 00:01:06]} 9. Ne2 {[%clk 01:32:52]} {[%emt
00:00:18]} Qd7 {[%clk 01:21:29]} {[%emt 00:05:24]} 10. O-O {[%clk 01:32:56]}
{[%emt 00:00:25]} O-O-O {[%clk 01:18:23]} {[%emt 00:03:37]} 11. Rb1 {[%clk
01:33:10]} {[%emt 00:00:16]} h5 {[%clk 01:17:07]} {[%emt 00:01:46]} 12. h3
{[%emt 00:00:31]} g5 {[%clk 01:17:25]} 13. Ng3 {[%clk 01:32:11]} {[%emt
00:01:41]} g4 {[%clk 01:17:14]} {[%emt 00:00:41]} 14. Qe2 {[%clk 01:32:33]}
{[%emt 00:00:08]} b6 {[%clk 01:14:37]} {[%emt 00:03:07]} 15. Nf5 {[%clk
01:32:03]} {[%emt 00:00:59]} gxh3 {[%clk 01:11:26]} {[%emt 00:03:42]} 16. gxh3
{[%clk 01:31:46]} {[%emt 00:00:46]} Kb8 {[%clk 01:07:49]} {[%emt 00:04:07]} 17.
Be3 {[%clk 01:24:10]} {[%emt 00:08:06]} Rdg8+ {[%clk 01:02:11]} {[%emt
00:06:07]} 18. Kh2 {[%clk 01:24:30]} {[%emt 00:00:11]} h4 {[%clk 01:01:21]}
{[%emt 00:01:21]} 19. Nxe7 {[%clk 01:22:34]} {[%emt 00:02:26]} Qxe7 {[%clk
01:01:15]} {[%emt 00:00:36]} 20. Rg1 {[%clk 01:22:40]} {[%emt 00:00:23]} Rg3
{[%clk 01:00:46]} {[%emt 00:01:00]} 21. Rbf1 {[%clk 01:13:32]} {[%emt
00:09:37]} Rxh3+ {[%clk 01:00:46]} {[%emt 00:00:31]} 22. Kg2 {[%clk 01:13:53]}
{[%emt 00:00:09]} Rg8+ {[%clk 01:01:10]} {[%emt 00:00:07]} 23. Kf2 {[%clk
01:13:33]} {[%emt 00:00:49]} Rh2+ {[%clk 01:01:33]} {[%emt 00:00:06]} 24. Ke1
{[%clk 01:13:56]} {[%emt 00:00:06]} Rxe2+ {[%clk 01:01:59]} {[%emt 00:00:06]}
25. Kxe2 {[%clk 01:14:15]} {[%emt 00:00:11]} Rxg1 {[%clk 01:02:19]} {[%emt
00:00:09]} 26. Rxg1 {[%clk 01:14:39]} {[%emt 00:00:08]} Kb7 {[%clk 01:02:17]}
{[%emt 00:00:31]} 27. Bb5 {[%clk 01:12:31]} {[%emt 00:02:38]} h3 {[%clk
01:01:44]} {[%emt 00:01:03]} 28. Kf3 {[%clk 01:11:50]} {[%emt 00:01:10]} Qa3
{[%clk 01:01:45]} {[%emt 00:00:30]} 29. c4 {[%clk 01:08:15]} {[%emt 00:04:04]}
Nxd4+ {[%clk 01:01:52]} {[%emt 00:00:23]} 30. Kf2 {[%clk 01:08:29]} {[%emt
00:00:14]} Nxb5 {[%clk 01:02:14]} {[%emt 00:00:10]} 31. cxb5 {[%clk 01:08:48]}
{[%emt 00:00:11]} Qxa2 {[%clk 01:02:34]} {[%emt 00:00:10]} 32. Rc1 {[%clk
01:08:37]} {[%emt 00:00:40]} Qb2 {[%clk 01:02:50]} {[%emt 00:00:15]} 33. Kg1
{[%clk 01:07:33]} {[%emt 00:01:33]} d4 {[%clk 01:03:12]} {[%emt 00:00:10]} 34.
Bd2 {[%clk 01:06:47]} {[%emt 00:01:15]} d3 {[%clk 01:03:31]} {[%emt 00:00:12]}
35. Kh2 {[%clk 01:05:58]} {[%emt 00:01:16]} dxc2 {[%emt 00:00:39]} 36. Kh1
{[%clk 01:05:58]} {[%emt 00:00:03]} Qxe5 {[%clk 01:03:38]} {[%emt 00:00:44]}
37. Re1 {[%clk 01:05:01]} {[%emt 00:01:27]} Qxe1+ {[%clk 01:03:36]} {[%emt
00:00:32]} 38. Bxe1 {[%clk 01:05:22]} {[%emt 00:00:09]} c1=R {[%clk 01:03:57]}
{[%emt 00:00:09]} 39. Kh2 {[%clk 01:05:34]} {[%emt 00:00:18]} Rxe1 {[%clk
01:04:19]} {[%emt 00:00:09]} 40. Kg3 {[%clk 01:05:58]} {[%emt 00:00:06]} Bc4
{[%emt 00:00:19]} 41. Kf2 {[%clk 01:05:59]} {[%emt 00:00:18]} h2 {[%clk
01:04:57]} {[%emt 00:00:14]} 42. Kg3 {[%clk 01:05:52]} {[%emt 00:00:36]} h1=R
{[%clk 01:05:09]} {[%emt 00:00:20]} 43. Kf2 {[%clk 01:06:14]} {[%emt 00:00:07]}
Re2+ {[%clk 01:05:22]} {[%emt 00:00:17]} 44. Kg3 {[%clk 01:06:35]} {[%emt
00:00:10]} Rf1 {[%clk 01:05:30]} {[%emt 00:00:22]} 45. Kh3 {[%clk 01:06:54]}
{[%emt 00:00:09]} Rg1 {[%clk 01:05:45]} {[%emt 00:00:17]} 46. Kh4 {[%clk
01:07:16]} {[%emt 00:00:08]} Rh2# {[%clk 01:06:09]} {[%emt 00:00:06]} 0-1

[Event "DEM U10 2025"]
[Site "Willingen GER"]
[Date "2025.06.11"]
[Round "5"]
[White "Kindermann, Justus"]
[Black "Durst, Lorenz"]
[Result "0-1"]
[Termination "normal"]
[Board "16"]
[WhiteElo "1635"]
[BlackElo "1429"]
[WhiteClock "00:28:52"]
[BlackClock "00:46:23"]
[PlyCount "104"]
[WhiteFideId "34678840"]
[BlackFideId "533043493"]
[EventCountry "GER"]
[EventRounds "9"]
[EventType "swiss"]
[EventDate "2025.06.07"]

1. c4 {[%clk 01:30:51]} {[%emt 00:00:08]} c5 {[%clk 01:30:56]} {[%emt
00:00:04]} 2. g3 {[%clk 01:31:09]} {[%emt 00:00:12]} Nf6 {[%clk 01:31:16]}
{[%emt 00:00:10]} 3. Bg2 {[%clk 01:31:26]} {[%emt 00:00:11]} d5 {[%clk
01:31:12]} {[%emt 00:00:36]} 4. cxd5 {[%clk 01:29:35]} {[%emt 00:02:22]} Nxd5
{[%clk 01:31:10]} {[%emt 00:00:31]} 5. Nc3 {[%clk 01:29:21]} {[%emt 00:00:45]}
Nc7 {[%clk 01:27:45]} {[%emt 00:03:55]} 6. Nf3 {[%clk 01:26:01]} {[%emt
00:03:46]} Nc6 {[%clk 01:23:30]} {[%emt 00:04:47]} 7. O-O {[%clk 01:22:28]}
{[%emt 00:04:00]} e5 {[%clk 01:16:51]} {[%emt 00:07:13]} 8. b3 {[%clk
01:09:27]} {[%emt 00:13:32]} Be7 {[%clk 01:04:38]} {[%emt 00:12:42]} 9. Bb2
{[%clk 01:08:14]} {[%emt 00:01:28]} f6 {[%clk 01:00:59]} {[%emt 00:04:23]} 10.
Qc2 {[%clk 01:06:23]} {[%emt 00:02:22]} O-O {[%clk 00:56:27]} {[%emt 00:05:02]}
11. Ne1 {[%clk 01:03:05]} {[%emt 00:03:47]} Nd4 {[%emt 00:14:29]} 12. Qc1
{[%clk 00:48:10]} {[%emt 00:03:26]} Rb8 {[%clk 00:47:02]} {[%emt 00:07:56]} 13.
Nc2 {[%clk 00:43:48]} {[%emt 00:04:46]} Nce6 {[%clk 00:43:48]} {[%emt
00:03:50]} 14. e3 {[%clk 00:40:53]} {[%emt 00:03:25]} Nc6 {[%clk 00:41:49]}
{[%emt 00:02:29]} 15. Bd5 {[%clk 00:40:31]} {[%emt 00:00:45]} Nb4 {[%clk
00:40:45]} {[%emt 00:01:42]} 16. Nxb4 {[%clk 00:37:40]} {[%emt 00:03:20]} cxb4
{[%clk 00:41:06]} {[%emt 00:00:09]} 17. Bxe6+ {[%clk 00:37:51]} {[%emt
00:00:18]} Bxe6 {[%clk 00:41:27]} {[%emt 00:00:10]} 18. Ne2 {[%clk 00:35:42]}
{[%emt 00:01:57]} Rc8 {[%clk 00:40:36]} {[%emt 00:02:03]} 19. Qd1 {[%clk
00:35:56]} {[%emt 00:00:09]} Bd7 {[%clk 00:40:13]} {[%emt 00:00:59]} 20. f4
{[%clk 00:28:24]} {[%emt 00:08:00]} exf4 {[%clk 00:38:52]} {[%emt 00:01:57]}
21. Nxf4 {[%clk 00:25:39]} {[%emt 00:03:14]} Re8 {[%clk 00:29:40]} {[%emt
00:09:42]} 22. Rc1 {[%clk 00:24:22]} {[%emt 00:01:47]} Rxc1 {[%clk 00:29:32]}
{[%emt 00:00:38]} 23. Qxc1 {[%clk 00:24:45]} {[%emt 00:00:07]} Bb5 {[%clk
00:28:37]} {[%emt 00:01:24]} 24. Rf2 {[%clk 00:23:36]} {[%emt 00:01:33]} Qc8
{[%clk 00:27:43]} {[%emt 00:01:27]} 25. Nd5 {[%clk 00:20:00]} {[%emt 00:04:08]}
Qxc1+ {[%clk 00:26:28]} {[%emt 00:01:47]} 26. Bxc1 {[%clk 00:19:58]} {[%emt
00:00:32]} Bd6 {[%clk 00:26:12]} {[%emt 00:00:46]} 27. Bb2 {[%clk 00:19:15]}
{[%emt 00:01:12]} Be5 {[%clk 00:24:59]} {[%emt 00:01:42]} 28. Bxe5 {[%clk
00:18:54]} {[%emt 00:00:53]} Rxe5 {[%clk 00:25:23]} {[%emt 00:00:07]} 29. Nxb4
{[%clk 00:18:32]} {[%emt 00:00:52]} a5 {[%clk 00:25:47]} {[%emt 00:00:06]} 30.
Nc2 {[%clk 00:18:42]} {[%emt 00:00:18]} Bd3 {[%clk 00:25:34]} {[%emt 00:00:44]}
31. Nd4 {[%clk 00:18:40]} {[%emt 00:00:31]} a4 {[%clk 00:25:38]} {[%emt
00:00:28]} 32. b4 {[%clk 00:18:20]} {[%emt 00:00:48]} Re8 {[%clk 00:25:43]}
{[%emt 00:00:22]} 33. Nf5 {[%clk 00:17:48]} {[%emt 00:01:04]} Kf8 {[%clk
00:25:45]} {[%emt 00:00:29]} 34. Nd6 {[%clk 00:16:40]} {[%emt 00:01:37]} Re7
{[%clk 00:25:52]} {[%emt 00:00:25]} 35. a3 {[%clk 00:15:07]} {[%emt 00:02:03]}
Rd7 {[%clk 00:26:06]} {[%emt 00:00:15]} 36. Nf5 {[%clk 00:15:17]} {[%emt
00:00:21]} Rc7 {[%clk 00:26:00]} {[%emt 00:00:37]} 37. Nd4 {[%clk 00:13:05]}
{[%emt 00:02:39]} Rc1+ {[%clk 00:26:11]} {[%emt 00:00:22]} 38. Kg2 {[%clk
00:13:25]} {[%emt 00:00:09]} Ra1 {[%clk 00:26:30]} {[%emt 00:00:09]} 39. Ne6+
{[%clk 00:13:29]} {[%emt 00:00:28]} Kf7 {[%clk 00:26:47]} {[%emt 00:00:14]} 40.
Nc5 {[%clk 00:13:43]} {[%emt 00:00:12]} Rxa3 {[%clk 00:27:06]} {[%emt
00:00:14]} 41. Rf4 {[%clk 00:11:48]} {[%emt 00:02:24]} b5 {[%clk 00:25:22]}
{[%emt 00:02:15]} 42. Rd4 {[%clk 00:10:35]} {[%emt 00:01:34]} Bc4 {[%clk
00:24:26]} {[%emt 00:01:35]} 43. Rd7+ {[%clk 00:08:12]} {[%emt 00:02:52]} Kg6
{[%clk 00:24:39]} {[%emt 00:00:17]} 44. d3 {[%clk 00:08:08]} {[%emt 00:00:28]}
Bb3 {[%clk 00:24:45]} {[%emt 00:00:21]} 45. Ne4 {[%clk 00:06:36]} {[%emt
00:02:04]} Ra2+ {[%clk 00:25:01]} {[%emt 00:00:21]} 46. Kf3 {[%clk 00:06:40]}
{[%emt 00:00:25]} a3 {[%clk 00:23:12]} {[%emt 00:02:21]} 47. Nc3 {[%clk
00:06:11]} {[%emt 00:00:58]} Rc2 {[%clk 00:23:12]} {[%emt 00:00:29]} 48. Ne2
{[%clk 00:02:03]} {[%emt 00:04:40]} Rb2 {[%clk 00:21:26]} {[%emt 00:02:16]} 49.
Nf4+ {[%clk 00:02:19]} {[%emt 00:00:14]} Kh6 {[%clk 00:20:31]} {[%emt
00:01:24]} 50. Rc7 {[%clk 00:30:05]} {[%emt 00:02:45]} a2 {[%clk 00:46:18]}
{[%emt 00:04:43]} 51. Rc5 {[%clk 00:30:24]} {[%emt 00:00:11]} g5 {[%clk
00:46:25]} {[%emt 00:00:23]} 52. Rc6 {[%clk 00:28:52]} {[%emt 00:01:59]} gxf4
{[%clk 00:46:23]} {[%emt 00:00:34]} 0-1

[Event "DEM U10 2025"]
[Site "Willingen GER"]
[Date "2025.06.11"]
[Round "5"]
[White "Schulze, Jonas"]
[Black "Taube, Moritz"]
[Result "1-0"]
[Termination "normal"]
[Board "17"]
[WhiteElo "1658"]
[BlackElo "1246"]
[WhiteClock "01:04:15"]
[BlackClock "01:02:30"]
[PlyCount "66"]
[WhiteFideId "34687912"]
[BlackFideId "34696830"]
[EventCountry "GER"]
[EventRounds "9"]
[EventType "swiss"]
[EventDate "2025.06.07"]

1. e4 {[%clk 01:30:58]} {[%emt 00:00:02]} e5 {[%clk 01:30:54]} {[%emt
00:00:06]} 2. Nf3 {[%clk 01:31:21]} {[%emt 00:00:07]} Nc6 {[%clk 01:31:18]}
{[%emt 00:00:06]} 3. Bc4 {[%clk 01:31:38]} {[%emt 00:00:13]} Nf6 {[%clk
01:31:41]} {[%emt 00:00:06]} 4. d3 {[%clk 01:31:48]} {[%emt 00:00:20]} h6
{[%clk 01:31:50]} {[%emt 00:00:22]} 5. c3 {[%clk 01:31:35]} {[%emt 00:00:43]}
Be7 {[%clk 01:31:42]} {[%emt 00:00:38]} 6. O-O {[%clk 01:30:41]} {[%emt
00:01:25]} d6 {[%clk 01:32:02]} {[%emt 00:00:09]} 7. Nbd2 {[%clk 01:29:24]}
{[%emt 00:01:48]} g5 {[%clk 01:29:12]} {[%emt 00:03:19]} 8. Ne1 {[%clk
01:24:10]} {[%emt 00:05:45]} Be6 {[%clk 01:25:38]} {[%emt 00:04:03]} 9. Bb3
{[%clk 01:22:26]} {[%emt 00:02:15]} Qd7 {[%clk 01:25:55]} {[%emt 00:00:13]} 10.
a4 {[%clk 01:21:50]} {[%emt 00:01:06]} O-O-O {[%clk 01:22:45]} {[%emt
00:03:40]} 11. Bxe6 {[%clk 01:21:17]} {[%emt 00:01:03]} Qxe6 {[%clk 01:22:37]}
{[%emt 00:00:27]} 12. b4 {[%clk 01:21:11]} {[%emt 00:00:48]} h5 {[%clk
01:21:54]} {[%emt 00:01:13]} 13. a5 {[%clk 01:20:13]} {[%emt 00:01:28]} g4
{[%clk 01:21:10]} {[%emt 00:01:14]} 14. b5 {[%clk 01:20:06]} {[%emt 00:00:37]}
Nb8 {[%clk 01:21:17]} {[%emt 00:00:23]} 15. b6 {[%clk 01:18:39]} {[%emt
00:01:58]} cxb6 {[%clk 01:18:25]} {[%emt 00:03:21]} 16. axb6 {[%clk 01:18:54]}
{[%emt 00:00:14]} a6 {[%clk 01:18:44]} {[%emt 00:00:12]} 17. d4 {[%clk
01:18:08]} {[%emt 00:01:16]} h4 {[%clk 01:18:20]} {[%emt 00:00:53]} 18. d5
{[%clk 01:15:58]} {[%emt 00:02:41]} Qd7 {[%clk 01:18:16]} {[%emt 00:00:33]} 19.
Ra4 {[%clk 01:15:46]} {[%emt 00:00:43]} Rdg8 {[%clk 01:15:37]} {[%emt
00:03:08]} 20. Rc4+ {[%clk 01:14:33]} {[%emt 00:01:45]} Kd8 {[%clk 01:15:38]}
{[%emt 00:00:28]} 21. Rc7 {[%clk 01:14:23]} {[%emt 00:00:40]} Qe8 {[%clk
01:14:41]} {[%emt 00:01:26]} 22. Rxb7 {[%clk 01:12:17]} {[%emt 00:02:37]} Nfd7
{[%clk 01:14:35]} {[%emt 00:00:32]} 23. Nc4 {[%clk 01:12:01]} {[%emt 00:00:49]}
g3 {[%clk 01:14:07]} {[%emt 00:00:54]} 24. fxg3 {[%clk 01:11:53]} {[%emt
00:00:43]} hxg3 {[%clk 01:14:17]} {[%emt 00:00:20]} 25. h3 {[%clk 01:11:49]}
{[%emt 00:00:34]} Qf8 {[%clk 01:09:22]} {[%emt 00:05:22]} 26. Na5 {[%clk
01:11:17]} {[%emt 00:01:06]} Kc8 {[%clk 01:03:12]} {[%emt 00:06:39]} 27. Rc7+
{[%clk 01:07:34]} {[%emt 00:04:12]} Kd8 {[%clk 01:02:18]} {[%emt 00:01:24]} 28.
Nb7+ {[%clk 01:06:18]} {[%emt 00:01:47]} Ke8 {[%clk 01:02:18]} {[%emt
00:00:29]} 29. Rc8+ {[%clk 01:05:33]} {[%emt 00:01:15]} Bd8 {[%clk 01:02:41]}
{[%emt 00:00:06]} 30. Rxd8+ {[%clk 01:04:52]} {[%emt 00:01:11]} Ke7 {[%clk
01:03:04]} {[%emt 00:00:07]} 31. Rxf8 {[%clk 01:04:46]} {[%emt 00:00:36]} Kxf8
{[%clk 01:03:24]} {[%emt 00:00:10]} 32. Nxd6 {[%clk 01:04:54]} {[%emt
00:00:23]} Rg7 {[%clk 01:03:20]} {[%emt 00:00:33]} 33. Qf3 {[%clk 01:04:15]}
{[%emt 00:01:10]} Nxb6 {[%clk 01:02:30]} {[%emt 00:01:21]} 1-0

[Event "DEM U10 2025"]
[Site "Willingen GER"]
[Date "2025.06.11"]
[Round "5"]
[White "Frerich, Theo"]
[Black "Blem, Alexander jun."]
[Result "0-1"]
[Termination "normal"]
[Board "18"]
[WhiteElo "1167"]
[BlackElo "1417"]
[WhiteClock "01:04:39"]
[BlackClock "01:21:53"]
[PlyCount "56"]
[WhiteFideId "533003505"]
[BlackFideId "34674926"]
[EventCountry "GER"]
[EventRounds "9"]
[EventType "swiss"]
[EventDate "2025.06.07"]

1. e4 {[%clk 01:31:00]} c5 {[%clk 01:30:44]} {[%emt 00:00:16]} 2. Nf3 {[%clk
01:31:25]} {[%emt 00:00:05]} d6 {[%clk 01:30:54]} {[%emt 00:00:20]} 3. Bb5+
{[%clk 01:31:46]} {[%emt 00:00:10]} Nd7 {[%clk 01:31:15]} {[%emt 00:00:09]} 4.
O-O {[%clk 01:32:05]} {[%emt 00:00:09]} a6 {[%clk 01:31:43]} {[%emt 00:00:04]}
5. Bd3 {[%emt 00:00:14]} Ngf6 {[%clk 01:32:07]} {[%emt 00:00:04]} 6. c3 {[%clk
01:32:45]} {[%emt 00:00:07]} g6 {[%clk 01:32:32]} {[%emt 00:00:05]} 7. Bc2
{[%clk 01:33:08]} {[%emt 00:00:07]} Bg7 {[%clk 01:32:58]} {[%emt 00:00:04]} 8.
d4 {[%clk 01:33:14]} {[%emt 00:00:24]} cxd4 {[%clk 01:33:24]} {[%emt 00:00:05]}
9. cxd4 {[%clk 01:33:34]} {[%emt 00:00:10]} Nb6 {[%clk 01:31:55]} {[%emt
00:01:58]} 10. Nc3 {[%clk 01:31:56]} {[%emt 00:02:08]} O-O {[%clk 01:32:12]}
{[%emt 00:00:13]} 11. b3 {[%clk 01:31:50]} {[%emt 00:00:37]} Bg4 {[%clk
01:32:11]} {[%emt 00:00:30]} 12. Bf4 {[%clk 01:29:46]} {[%emt 00:01:29]} Qc7
{[%clk 01:31:59]} {[%emt 00:01:47]} 13. Qd3 {[%clk 01:27:39]} {[%emt 00:02:29]}
Rac8 {[%clk 01:29:02]} {[%emt 00:03:35]} 14. e5 {[%clk 01:24:15]} {[%emt
00:03:54]} dxe5 {[%clk 01:28:07]} {[%emt 00:01:24]} 15. dxe5 {[%clk 01:23:00]}
{[%emt 00:01:46]} Qxc3 {[%clk 01:28:30]} {[%emt 00:00:07]} 16. exf6 {[%clk
01:19:58]} {[%emt 00:03:33]} Bxf6 {[%clk 01:28:45]} {[%emt 00:00:15]} 17. Rac1
{[%clk 01:16:55]} {[%emt 00:03:33]} Bxf3 {[%clk 01:19:29]} {[%emt 00:09:45]}
18. Qxf3 {[%clk 01:14:57]} {[%emt 00:02:28]} Qxf3 {[%clk 01:19:56]} {[%emt
00:00:03]} 19. gxf3 {[%clk 01:15:19]} {[%emt 00:00:08]} Bb2 {[%clk 01:20:21]}
{[%emt 00:00:05]} 20. Rce1 {[%clk 01:12:46]} {[%emt 00:03:03]} Rxc2 {[%clk
01:20:33]} {[%emt 00:00:18]} 21. Rxe7 {[%clk 01:13:02]} {[%emt 00:00:14]} Nd5
{[%clk 01:20:56]} {[%emt 00:00:07]} 22. Re4 {[%clk 01:12:36]} {[%emt 00:00:57]}
f5 {[%clk 01:20:59]} {[%emt 00:00:27]} 23. Bh6 {[%clk 01:07:56]} {[%emt
00:05:09]} fxe4 {[%clk 01:21:25]} {[%emt 00:00:04]} 24. fxe4 {[%clk 01:08:17]}
{[%emt 00:00:09]} Nf6 {[%clk 01:21:12]} {[%emt 00:00:42]} 25. Bxf8 {[%clk
01:07:05]} {[%emt 00:01:43]} Kxf8 {[%clk 01:21:34]} {[%emt 00:00:08]} 26. Re1
{[%clk 01:07:00]} {[%emt 00:00:34]} Ng4 {[%clk 01:21:27]} {[%emt 00:00:38]} 27.
f3 {[%clk 01:06:27]} {[%emt 00:01:03]} Bd4+ {[%clk 01:21:53]} {[%emt 00:00:04]}
28. Kf1 {[%clk 01:04:39]} {[%emt 00:02:18]} Nxh2# {[%emt 00:00:19]} 0-1